00520nam a2200181 a 45000010010000000030011000100080041000210350026000620820014000881000010001022450035001122600044001476500010001919420012002019520090002139980020003039990015003230000-8638ELIB.Books110520 1995  a(ELIB.Books)0000-8784 a220 bBib aBible aThe Word of God Alive & Active bNew York: American Bible Society c1995 aBible 2ddccBK 00102ddc4070aKBTSbKBTSd2011-05-20l0p9540r2022-01-22 00:00:00w2022-01-22yBK cbate2011-05-20 c8638d8638